MARC

LEADER 00000nam0a2200000 4500
001 335866
005 20231102004809.0
035 |a (RuTPU)RU\TPU\book\362278 
035 |a RU\TPU\book\362271 
090 |a 335866 
100 |a 20171004d1980 k y0rusy50 ca 
101 0 |a rus 
102 |a RU 
105 |a a z 001zy 
200 1 |a Биотиты магматических пород  |f Академия наук СССР (АН СССР), Сибирское отделение (СО) ; под ред. Н. Л. Добрецова 
210 |a Новосибирск  |c Наука  |d 1980 
215 |a 328 с.  |c ил. 
225 1 |a Труды института геологии и геофизики  |v Вып. 454 
320 |a Авторский указатель: с. 320-325 
320 |a Библиогр.: с. 302-319 
606 1 |a Биотит  |x Минералогия  |2 stltpush  |3 (RuTPU)RU\TPU\subj\28769  |9 52259 
606 1 |a Горные породы, магматические  |x Петрография  |2 stltpush  |3 (RuTPU)RU\TPU\subj\66987  |9 82914 
610 1 |a парагенез 
610 1 |a оптические свойства 
610 1 |a химические анализы 
610 1 |a методы 
610 1 |a математическая статистика 
610 1 |a парагенетические типы 
610 1 |a происхождение 
610 1 |a состав 
610 1 |a материнские породы 
675 |a 549.6  |v 4 
675 |a 552.3  |v 4 
702 1 |a Добрецов  |b Н. Л.  |4 340 
712 0 2 |a Академия наук СССР (АН СССР)  |b Сибирское отделение (СО)  |c (Новосибирск)  |2 stltpush  |3 (RuTPU)RU\TPU\col\11215 
801 1 |a RU  |b 63413507  |c 20170911 
801 2 |a RU  |b 63413507  |c 20171004  |g RCR 
942 |c BK